| 000 | 00495nam a2200157 i 4500 | ||
|---|---|---|---|
| 001 | 86941 | ||
| 003 | ES-MaACL | ||
| 005 | 20230906175545.0 | ||
| 007 | t| | ||
| 008 | 041216s1962 ja ||||1| eng d | ||
| 100 | 1 |
_aKomatsh, Isao. _968538 |
|
| 245 | 1 | 4 |
_aThe japanese people _b: origins of the people and the language / _cIsao Komatsh. |
| 260 |
_aTokyo : _bSociety for Internation Cultural Relations, _c1962. |
||
| 300 |
_aXII, 64 p., 20 lám. ; _c24 cm. |
||
| 852 |
_aES-MaACL _jC-29852 _bR.56295 |
||
| 999 |
_c86941 _d86941 |
||